000 01018nam a2200241 i 4500
001 53922
003 ES-MaACL
005 20231227160938.0
007 t|
008 960708s1897 sp f |||| | spa d
100 1 _aFernández Vaamonde, Emilio.
_950134
245 1 0 _aMujeres :
_bsemblanzas poéticas /
_cEmilio Fernández Vaamonde ; con una carta de Don Gaspar Núñez de Arce y un prólogo de Jacinto Benavente.
260 _aMadrid :
_bLibrería de Fernando Fe :
_bLibrería de Vict. Suárez,
_c1897 (
_fImp. del Cuerpo de Artillería)
300 _a226 p., [1] h. de lám. ;
_c19 cm.
530 _aDisponible en formato digital.
599 _aLám: grabado de Ignacio Pinazo.
700 1 _aNúñez de Arce, Gaspar,
_d1834-1903
_9223411
700 1 _aBenavente, Jacinto,
_d1866-1954
_927443
700 1 _aPinazo Camarlench, Ignacio.
_9138502
852 4 _aES-MaACL
_jG-10947
856 4 _uhttp://bdh-rd.bne.es/viewer.vm?id=0000239545&page=1
_zBiblioteca Digital Hispánica
999 _c53922
_d53922